Statistics for 50 Most Valuable French Players

Click here to take the quiz!

General Stats

  • This quiz has been taken 68 times
    (51 since last reset)
  • The average score is 33 of 50

Answer Stats

RankValue (€)ClubPlayer% Correct
1€160MPSGKylian Mbappe
100%
3€60MManchester UnitedPaul Pogba
100%
7€55MBayern MunichKingsley Coman
97%
14€45MBayern MunichLucas Hernandez
97%
6€55MChelseaN'Golo Kante
97%
2€70MManchester UnitedRaphael Varane
97%
12€50MAC MilanTheo Hernandez
97%
9€50MAtletico MadridAntoine Griezmann
93%
23€35MBayern MunichBenjamin Pavard
93%
4€60MBayern MunichDayot Upamecano
93%
5€60MSevilla FCJules Kounde
93%
10€50MFC BarcelonaOusmane Dembele
90%
18€40MPSGPresnel Kimpembe
87%
30€30MJuventusAdrien Rabiot
83%
11€50MReal MadridFerland Mendy
83%
38€25MReal MadridKarim Benzema
83%
32€28MBorussia MonchengladbachMarcus Thuram
83%
22€35MManchester UnitedAnthony Martial
77%
13€47MRB LeipzigChristopher Nkunku
77%
16€42MBayer LeverkusenMoussa Diaby
77%
15€45MTottenham HotspurTanguy Ndombele
77%
21€35MAS MonacoWissam Ben Yedder
77%
8€55MReal MadridEduardo Camavinga
73%
17€40MAtletico MadridThomas Lemar
73%
24€35MLiverpoolIbrahima Konate
70%
26€35MAS MonacoAurelien Tchouameni
67%
28€33MAS RomaJordan Veretout
67%
19€40MLeicester CityWesley Fofana
67%
25€35MOlympique LyonHoussem Aouar
63%
31€30MNewcastle UnitedAllan Saint-Maximin
60%
40€25MAC MilanMike Maignan
60%
41€25MReal BetisNabil Fekir
60%
47€22MArsenalAlexandre Lacazette
53%
20€35MEvertonLucas Digne
53%
29€32MWest Ham UnitedKurt Zouma
50%
48€22MOlympique MarseilleMatteo Guendouzi
50%
43€25MLOSC LilleJonathan Ikone
43%
44€25MRB LeipzigNordi Mukiele
43%
27€35MOGC NiceAmine Gouiri
40%
42€25MLOSC LilleJonathan Bamba
40%
45€25MReal SociedadRobin Le Normand
40%
35€28MOlympique MarseilleBoubacar Kamara
37%
34€28MEintracht FrankfurtEvan N'Dicka
37%
36€28MVFL WolfsburgMaxence Lacroix
37%
37€28MAS MonacoBenoit Badiashile
33%
39€25MEvertonAbdoulaye Doucoure
30%
46€23MOlympique LyonRayan Cherki
30%
50€20MBrighton & Hove AlbionNeal Maupay
27%
33€28MLeicester CityBoubakary Soumare
23%
49€20MAC MilanTiemoue Bakayoko
20%

Score Distribution

Percentile by Number Answered

Percent of People with Each Score

Your Score History

You have not taken this quiz since the last reset